[Event "POL-chT U20 2nd League"]
[Site "Sypniewo"]
[Date "2025.06.26"]
[Round "9.35"]
[White "Zapolska, Roksana"]
[Black "Michniak, Julia"]
[Result "1/2-1/2"]
[WhiteElo "1812"]
[BlackElo "1633"]
[PlyCount "61"]
[EventDate "2025.06.18"]
[EventType "team-swiss"]
[EventRounds "9"]
[EventCountry "POL"]
[SourceTitle "CB27_2025"]
[SourceDate "2025.07.02"]
[SourceVersion "1"]
[SourceVersionDate "2025.07.02"]
[SourceQuality "1"]
[WhiteTeam "Zarow Goniec"]
[BlackTeam "Krakow Dwie Wieze"]
[WhiteTeamCountry "POL"]
[BlackTeamCountry "POL"]

1. e4 c5 2. Nf3 Nc6 3. d4 cxd4 4. Nxd4 g6 5. c4 Nf6 6. Nc3 Nxd4 7. Qxd4 d6 8. f3 Bg7 9. Be3 0-0 10. Qd2 Be6 11. Be2 Qa5 12. 0-0 Rfc8 13. Nd5 Qxd2 14. Bxd2 Nxd5 15. exd5 Bd7 16. Kh1 b6 17. Bc3 Bxc3 18. bxc3 b5 19. Rab1 Rab8 20. Rfc1 bxc4 21. Rxb8 Rxb8 22. Bxc4 Rc8 23. Bb3 a5 24. a3 Bb5 25. c4 a4 26. Ba2 Ba6 27. Kg1 Kf8 28. Kf2 Ke8 29. Ke3 Rb8 30. Rc2 f6 31. Ke4 1/2-1/2

[Event "POL-chT U20 2nd League"]
[Site "Sypniewo"]
[Date "2025.06.20"]
[Round "3.47"]
[White "Michniak, Julia"]
[Black "Para, Aleksandra"]
[Result "1-0"]
[WhiteElo "1633"]
[BlackElo "1558"]
[PlyCount "109"]
[EventDate "2025.06.18"]
[EventType "team-swiss"]
[EventRounds "9"]
[EventCountry "POL"]
[SourceTitle "CB27_2025"]
[SourceDate "2025.07.02"]
[SourceVersion "1"]
[SourceVersionDate "2025.07.02"]
[SourceQuality "1"]
[WhiteTeam "Krakow Dwie Wieze"]
[BlackTeam "Wieliczka II"]
[WhiteTeamCountry "POL"]
[BlackTeamCountry "POL"]

1. e4 e5 2. Nf3 Nf6 3. Nxe5 d6 4. Nf3 Nxe4 5. d3 Nf6 6. d4 d5 7. Bd3 Bd6 8. Qe2+ Be6 9. Ng5 Qe7 10. Nxe6 Qxe6 11. Qxe6+ fxe6 12. 0-0 0-0 13. h3 e5 14. dxe5 Bxe5 15. c4 Kh8 16. Re1 Nbd7 17. Nd2 Rfe8 18. Nf3 Bd6 19. Rxe8+ Rxe8 20. Be3 Ne5 21. Nxe5 Bxe5 22. Rb1 d4 23. Bd2 c5 24. b4 b6 25. bxc5 bxc5 26. Rb7 Ra8 27. Bg5 Ne8 28. Rb5 Bd6 29. Be4 Rb8 30. Ra5 Nc7 31. Rxa7 Re8 32. f3 Bg3 33. Bd2 Kg8 34. Kf1 Rb8 35. Ba5 Ne8 36. Ra8 Nf6 37. Rxb8+ Bxb8 38. Bb6 Nd7 39. Bd8 Ne5 40. Bb6 Nd7 41. Bd8 Ne5 42. a4 Kf8 43. Bb6 Nd7 44. Ba5 h6 45. Ke2 Ke7 46. Bd5 Kd6 47. Bd2 Ke7 48. a5 Ba7 49. Bf4 Kd8 50. Bc6 Nf6 51. Be5 Kc8 52. a6 Bb8 53. Bb7+ Kd8 54. Bxb8 Nd7 55. a7 1-0

[Event "POL-chT U20 2nd League"]
[Site "Sypniewo"]
[Date "2025.06.19"]
[Round "2.77"]
[White "Dmitrowska, Kaja"]
[Black "Michniak, Julia"]
[Result "0-1"]
[WhiteElo "1566"]
[BlackElo "1633"]
[PlyCount "84"]
[EventDate "2025.06.18"]
[EventType "team-swiss"]
[EventRounds "9"]
[EventCountry "POL"]
[SourceTitle "CB27_2025"]
[SourceDate "2025.07.02"]
[SourceVersion "1"]
[SourceVersionDate "2025.07.02"]
[SourceQuality "1"]
[WhiteTeam "Krosno Urania"]
[BlackTeam "Krakow Dwie Wieze"]
[WhiteTeamCountry "POL"]
[BlackTeamCountry "POL"]

1. e4 c6 2. d4 d5 3. exd5 cxd5 4. Nf3 Nc6 5. Nc3 Bg4 6. Bb5 Nf6 7. Be3 a6 8. Ba4 b5 9. Bb3 Na5 10. 0-0 e6 11. Bf4 Bd6 12. Bxd6 Qxd6 13. Qd3 Nc4 14. Bxc4 bxc4 15. Qe3 Bxf3 16. Qxf3 Qb6 17. Rfe1 0-0 18. Rab1 Qxd4 19. Red1 Qg4 20. Qxg4 Nxg4 21. b3 Rfc8 22. Na4 cxb3 23. cxb3 Rc2 24. Rb2 Rac8 25. h3 Nxf2 26. Rdb1 Nd3 27. Rxc2 Rxc2 28. a3 Nf4 29. Rb2 Rc1+ 30. Kh2 Nd3 31. Ra2 Nc5 32. Nxc5 Rxc5 33. b4 Rc4 34. Rb2 d4 35. Kg1 d3 36. Kf1 Rc1+ 37. Kf2 Rc2+ 38. Ke3 Rxb2 39. Kxd3 Rb3+ 40. Kc4 Rxa3 41. b5 axb5+ 42. Kxb5 Rg3 0-1

[Event "Bohumin op-B 7th"]
[Site "Bohumin"]
[Date "2024.07.03"]
[Round "6"]
[White "Michniak, Julia"]
[Black "Chrostek, Lukas"]
[Result "0-1"]
[WhiteElo "1509"]
[BlackElo "1912"]
[PlyCount "76"]
[EventDate "2024.06.29"]
[EventType "swiss"]
[EventRounds "9"]
[EventCountry "CZE"]
[SourceTitle "CBM 221 Extra"]
[Source "ChessBase"]
[SourceDate "2024.09.30"]
[SourceVersion "1"]
[SourceVersionDate "2024.09.30"]
[SourceQuality "1"]

1. e4 e5 2. Nf3 Nc6 3. Bb5 a6 4. Ba4 b5 5. Bb3 Nf6 6. Nc3 Be7 7. d3 d6 8. h3 0-0 9. a4 b4 10. Nd5 Be6 11. Nxf6+ Bxf6 12. Bxe6 fxe6 13. 0-0 Qe8 14. c3 bxc3 15. bxc3 Qg6 16. Qb3 Be7 17. Nh2 Nd8 18. Qc4 c5 19. Rb1 Nc6 20. Qa2 Rab8 21. Be3 Bd8 22. Rxb8 Nxb8 23. d4 exd4 24. cxd4 cxd4 25. Bxd4 Qxe4 26. Qb2 Bf6 27. Bxf6 gxf6 28. Ng4 Qg6 29. Rb1 Nd7 30. Rc1 f5 31. Nh2 Nc5 32. Qb6 Nd3 33. Rc3 Nf4 34. Qc6 Ne2+ 35. Kf1 Nxc3 36. Qxc3 Qg7 37. Qd3 Qa1+ 38. Ke2 Qe5+ 0-1